LIBRARY & INFORMATION CENTRE, KCAET, TAVANUR

ONLINE PUBLIC ACCESS CATALOGUE (OPAC)

Normal view MARC view
  • López-Malo, Aurelio

Entry Personal Name

Number of records used in: 1

001 - CONTROL NUMBER

  • control field: 6135

003 - CONTROL NUMBER IDENTIFIER

  • control field: OSt

005 - DATE AND TIME OF LATEST TRANSACTION

  • control field: 20240320114412.0

008 - FIXED-LENGTH DATA ELEMENTS

  • fixed length control field: 240320|| aca||aabn | a|a d

040 ## - CATALOGING SOURCE

  • Original cataloging agency: OSt
  • Transcribing agency: OSt

100 ## - HEADING--PERSONAL NAME

  • Personal name: López-Malo, Aurelio

670 ## - SOURCE DATA FOUND

  • Source citation: Work cat.: (OSt)14040: Alzamora, Stella M. 205, Minimally processed fruits and vegetables :, 2000.
free website counter